[Event "Mechanics' Winter TNM; 30/90, SD/30"]
[Site "San Francisco"]
[Date "2010.01.05"]
[Round "2.10"]
[White "Allen, Tom"]
[Black "Gaffagan, Steven"]
[Result "0-1"]
[WhiteElo "1552"]
[BlackElo "2016"]
[PlyCount "70"]
[EventDate "2010.??.??"]

1. e4 c5 2. d4 cxd4 3. c3 Nf6 4. e5 Nd5 5. Qxd4 e6 6. Nf3 Nc6 7. Qe4 f5 8. Qe2
Be7 9. Nbd2 b6 10. g3 O-O 11. Nb3 Qc7 12. a3 b5 13. Nbd4 a6 14. Bg2 Bb7 15. O-O
Nb6 16. Rd1 Rac8 17. Bf4 h6 18. h4 Na5 19. Ne1 Nac4 20. Bxb7 Qxb7 21. Nef3 Na4
22. Ra2 Ncxb2 23. Rxb2 Nxc3 24. Qd3 Nxd1 25. Qxd1 Bxa3 26. Rb1 Rc4 27. Bc1 Bxc1
28. Rxc1 Rfc8 29. Rxc4 Rxc4 30. Qb3 Qe4 31. Qb2 Qd3 32. Kg2 Qc3 33. Qa2 Rxd4
34. Nxd4 Qxd4 35. Qxa6 Qd5+ 0-1

[Event "Mechanics' Winter TNM; 30/90, SD/30"]
[Site "San Francisco"]
[Date "2010.01.19"]
[Round "3.21"]
[White "Allen, Tom"]
[Black "Morgan, Jerry"]
[Result "0-1"]
[WhiteElo "1552"]
[BlackElo "1441"]
[PlyCount "64"]
[EventDate "2010.??.??"]

1. e4 c6 2. d4 d5 3. f3 dxe4 4. fxe4 Nf6 5. e5 Nd5 6. Nf3 Bg4 7. c4 Nc7 8. Be2
e6 9. O-O c5 10. Be3 cxd4 11. Bxd4 Nc6 12. Qa4 Be7 13. Rd1 Qc8 14. h3 Bh5 15.
Nbd2 O-O 16. Bc3 Na6 17. Bd3 Nc5 18. Qc2 Nxd3 19. Qxd3 Bc5+ 20. Kh1 Rd8 21. Qf1
Qc7 22. Ne4 Be7 23. c5 Rxd1 24. Rxd1 b6 25. b4 a5 26. b5 Nb4 27. Bxb4 axb4 28.
cxb6 Qxb6 29. Rc1 Rb8 30. Rc6 Qxb5 31. Qxb5 Rxb5 32. Rc8+ Bf8 {
0-1 in 69 moves, both scores are unplayable at this point.} 0-1

[Event "Mechanics' Winter TNM; 30/90, SD/30"]
[Site "San Francisco"]
[Date "2010.02.16"]
[Round "7.24"]
[White "Allen, Tom"]
[Black "Olson, David"]
[Result "1-0"]
[WhiteElo "1552"]
[BlackElo "1547"]
[PlyCount "117"]
[EventDate "2010.??.??"]

1. e4 c5 2. d4 cxd4 3. c3 dxc3 4. Nxc3 Nc6 5. Nf3 d6 6. Bc4 Nf6 7. O-O g6 8.
Qe2 Bg7 9. Rd1 Qa5 10. Nb5 O-O 11. a3 Be6 12. Bxe6 fxe6 13. b4 Qa4 14. Bb2 Rac8
15. Nc3 Qa6 16. b5 Qb6 17. bxc6 Rxc6 18. Nd4 Ng4 19. Qxg4 Qxb2 20. Qe2 Qxc3 21.
Nxc6 Qxc6 22. Rdc1 Qa4 23. Ra2 Qa5 24. Qc4 Kf7 25. Rb1 b6 26. Kf1 Qc5 27. Qd3
Bd4 28. Rc2 Qe5 29. g3 Bc5 30. f4 Kg7 31. Kg2 Qh5 32. h3 g5 33. f5 e5 34. Qb5
Rf6 35. Qd7 Kf7 36. Qxa7 Rh6 37. Rh1 g4 38. h4 Rf6 39. Qb7 Qh6 40. Qd5+ Kf8 41.
Qd3 Kf7 42. Rf1 Qf8 43. Qd5+ Kg7 44. a4 Qd8 45. a5 bxa5 46. Rxc5 Qb6 47. Rb5
Qe3 48. Rxa5 Rf8 49. Qa2 Qxe4+ 50. Kh2 Rc8 51. Rf2 Rc1 52. Rg2 Qe1 53. f6+ Kxf6
54. Qf2+ Ke6 55. Qxe1 Rxe1 56. Rf2 e4 57. Kg2 d5 58. Rd2 e3 59. Rdxd5 1-0

[Event "Mechanics' Winter TNM; 30/90, SD/30"]
[Site "San Francisco"]
[Date "2010.02.09"]
[Round "6.22"]
[White "Allen, Tom"]
[Black "Starr, Albert"]
[Result "0-1"]
[WhiteElo "1552"]
[BlackElo "1500"]
[PlyCount "60"]
[EventDate "2010.??.??"]

1. e4 e5 2. Nf3 Nf6 3. Nxe5 d6 4. Nxf7 Kxf7 5. d4 Be7 6. Nc3 Re8 7. Bc4+ Be6 8.
Bxe6+ Kxe6 9. O-O Nbd7 10. Qd3 Nb6 11. f4 Kf7 12. e5 Nfd5 13. Nxd5 Nxd5 14.
Qf5+ Kg8 15. Qe6+ Kh8 16. Qxd5 c6 17. Qe4 d5 18. Qd3 Qd7 19. f5 Rg8 20. f6 Bd8
21. fxg7+ Rxg7 22. Bh6 Rg8 23. Rf3 Bb6 24. Raf1 Qg4 25. Rg3 Qxd4+ 26. Kh1 Qxe5
27. Rxg8+ Rxg8 28. c3 Bc7 29. Bf4 Qg7 30. Bxc7 Qxg2# 0-1

[Event "Mechanics' Winter TNM; 30/90, SD/30"]
[Site "San Francisco"]
[Date "2010.01.26"]
[Round "4.2"]
[White "Argishti, Dante"]
[Black "Manvelyan, Hovik"]
[Result "1-0"]
[WhiteElo "2026"]
[BlackElo "1953"]
[PlyCount "55"]
[EventDate "2010.??.??"]

1. d4 e6 2. c4 f5 3. g3 Nf6 4. Bg2 d5 5. Nd2 c6 6. Nh3 Bd6 7. Qc2 h6 8. O-O g5
9. Nb3 O-O 10. f3 Qe8 11. e4 dxe4 12. fxe4 Nxe4 13. Bxe4 fxe4 14. Rxf8+ Qxf8
15. Qxe4 e5 16. g4 Nd7 17. Qg6+ Kh8 18. Bxg5 hxg5 19. Nxg5 Qg7 20. Nf7+ Kg8 21.
Qxg7+ Kxg7 22. Nxd6 exd4 23. Nxd4 Ne5 24. Re1 Nf7 25. Re7 Bxg4 26. Rxf7+ Kg6
27. Rf2 c5 28. Nf3 1-0

[Event "Mechanics' Winter TNM; 30/90, SD/30"]
[Site "San Francisco"]
[Date "2010.01.12"]
[Round "2.7"]
[White "Argishti, Dante"]
[Black "Periwal, Prashant"]
[Result "1-0"]
[WhiteElo "2026"]
[BlackElo "1839"]
[PlyCount "49"]
[EventDate "2010.??.??"]

1. c4 Nf6 2. Nc3 d5 3. cxd5 Nxd5 4. e4 Nxc3 5. bxc3 c5 6. d4 cxd4 7. cxd4 Nc6
8. d5 Ne5 9. Qd4 Ng6 10. Ba3 e5 11. Qc3 Bd6 12. Nf3 Qe7 13. Bxd6 Qxd6 14. Bb5+
Bd7 15. Bxd7+ Kxd7 16. O-O Rac8 17. Qb3 Qa6 18. Rac1 f6 19. Nxe5+ fxe5 20. Qh3+
Ke7 21. Rxc8 Rxc8 22. Qxc8 Nf4 23. Rb1 Qxa2 24. Rxb7+ Kf6 25. Qf5# 1-0

[Event "Mechanics' Winter TNM; 30/90, SD/30"]
[Site "San Francisco"]
[Date "2010.02.16"]
[Round "7.1"]
[White "Argishti, Dante"]
[Black "Shakhnazarov, Oleg"]
[Result "1-0"]
[WhiteElo "2026"]
[BlackElo "2184"]
[PlyCount "119"]
[EventDate "2010.??.??"]

1. d4 e6 2. Nf3 Be7 3. c4 d6 4. Nc3 g5 5. h3 Nd7 6. e4 h5 7. Qd2 f6 8. Qc2 e5
9. Be3 c6 10. Be2 Nh6 11. O-O-O Nf7 12. g3 Qc7 13. d5 c5 14. Qa4 Bd8 15. Nd2
Qa5 16. Qc2 a6 17. Rdf1 h4 18. Nb3 Qc7 19. Nd2 Nf8 20. Rfg1 Ng6 21. gxh4 Rxh4
22. Bg4 b5 23. Nf3 Rh8 24. Ne2 bxc4 25. Ng3 Qa5 26. Qxc4 Rb8 27. Bxc8 Rxc8 28.
Nf5 Rb8 29. Bd2 Qb5 30. Qxb5+ axb5 31. h4 Nf4 32. Bxf4 exf4 33. Ng7+ Kd7 34.
Ne6 Be7 35. Kd2 Ra8 36. a3 Ra4 37. hxg5 Rxh1 38. Rxh1 Nxg5 39. Nfxg5 fxg5 40.
f3 g4 41. Ke2 b4 42. fxg4 bxa3 43. bxa3 Rxe4+ 44. Kf3 Ra4 (44... Re3+ 45. Kxf4
Rd3 46. Ke4 (46. Rh5 c4) 46... Rg3) 45. g5 $1 Rxa3+ 46. Kxf4 Ra4+ 47. Kf5 Ra2
48. g6 Rf2+ 49. Nf4 Bf8 50. g7 $1 Bxg7 51. Rh7 Kc7 52. Rxg7+ Kb6 53. Rd7 c4 54.
Rxd6+ Kc5 55. Rc6+ Kd4 56. d6 Ke3 57. Rxc4 Rd2 58. Ke6 Kf3 59. d7 Kg4 60. Nd5+
1-0

[Event "Mechanics' Winter TNM; 30/90, SD/30"]
[Site "San Francisco"]
[Date "2010.02.09"]
[Round "6.1"]
[White "Argishti, Dante"]
[Black "Thornally, Frank"]
[Result "1-0"]
[WhiteElo "2026"]
[BlackElo "2208"]
[PlyCount "75"]
[EventDate "2010.??.??"]

1. c4 Nf6 2. Nf3 c5 3. g3 Nc6 4. Bg2 d5 5. cxd5 Nxd5 6. Nc3 Nc7 7. O-O g6 8.
Ne4 Ne6 9. d3 Bg7 10. Nfg5 Qb6 11. Rb1 O-O 12. b3 Rd8 13. Nxe6 Bxe6 14. Be3 Nd4
15. Rc1 Rac8 16. Ng5 Bd5 (16... Bg4 $5 17. Re1 Nf5 18. Qd2 (18. Bd2 $2 Rxd3 19.
f3 Ne3) 18... h6 19. Ne4 Nxe3 20. Qxe3 Be6 21. Nd2 (21. Rxc5 $2 Bd4) 21... Bd4
$5 22. Qxh6 c4 23. Ne4 (23. e3 $2 Bg7) 23... cxb3 24. axb3 Bxb3 25. Rb1 (25.
Rxc8 Rxc8 26. e3 Bg7) 25... a5) 17. Bxd4 Bxd4 18. Bxd5 Rxd5 19. Nf3 Bg7 20. Rc4
Qe6 21. a4 b6 22. Qc2 Rcd8 23. h4 Bh6 24. Rb1 f5 25. b4 f4 26. Kg2 fxg3 27.
fxg3 Bg7 28. Re4 Qd6 29. bxc5 Rxc5 30. Qb3+ Rd5 31. Ng5 Bf6 32. Ne6 Kh8 33.
Nxd8 Qxd8 34. Rc1 Qa8 35. Rc8+ Qxc8 36. Qxd5 Kg7 37. Rc4 Qb8 38. d4 1-0

[Event "Mechanics' Winter TNM; 30/90, SD/30"]
[Site "San Francisco"]
[Date "2010.01.12"]
[Round "2.14"]
[White "Askin, David"]
[Black "Blum, Paul"]
[Result "1-0"]
[WhiteElo "1749"]
[BlackElo "629"]
[PlyCount "45"]
[EventDate "2010.??.??"]

1. e4 e5 2. Nf3 f6 3. Nxe5 fxe5 4. Qh5+ g6 5. Qxe5+ Qe7 6. Qxh8 Qxe4+ 7. Be2
Qxc2 8. O-O d5 9. Qxg8 Be6 10. Qxe6+ Be7 11. Bg4 Nc6 12. Qg8+ Bf8 13. d4 Ne7
14. Qe6 h5 15. Bf3 c6 16. Bg5 Qxb2 17. Bxe7 Bxe7 18. Re1 Kf8 19. Qxe7+ Kg8 20.
Qe6+ Kf8 21. Qxg6 Qxa1 22. Bxh5 Qxd4 23. Qf7# 1-0

[Event "Mechanics' Winter TNM; 30/90, SD/30"]
[Site "San Francisco"]
[Date "2010.01.26"]
[Round "4.15"]
[White "Askin, David"]
[Black "Bookman, Zachary"]
[Result "1-0"]
[WhiteElo "1749"]
[BlackElo "1465"]
[PlyCount "59"]
[EventDate "2010.??.??"]

1. d4 d5 2. c4 Nf6 3. Nc3 e6 4. Nf3 Bb4 5. Bg5 b6 6. Qa4+ Nc6 7. Ne5 Bb7 8.
Nxc6 Bxc3+ 9. bxc3 Qd7 10. cxd5 Nxd5 11. e4 Bxc6 12. Qc2 Ne7 13. Bd3 O-O 14.
O-O f5 15. Bxe7 Qxe7 16. exf5 exf5 17. Bxf5 Rae8 18. Bxh7+ Kh8 19. c4 Qg5 20.
d5 Bd7 21. Qd3 Rf6 22. Be4 Rf4 23. Rae1 Qe5 24. f3 Rh4 25. g3 Qg5 26. f4 Qg4
27. Bf3 Rxe1 28. Rxe1 Qh3 29. gxh4 Qxh4 30. Qe3 1-0

[Event "Mechanics' Winter TNM; 30/90, SD/30"]
[Site "San Francisco"]
[Date "2010.02.23"]
[Round "8.13"]
[White "Askin, David"]
[Black "Cohee, James"]
[Result "1-0"]
[WhiteElo "1749"]
[BlackElo "1640"]
[PlyCount "51"]
[EventDate "2010.??.??"]

1. e4 c5 2. d4 cxd4 3. c3 d5 4. exd5 Qxd5 5. cxd4 Nc6 6. Nf3 Bg4 7. Nc3 Qd8 8.
d5 Nb8 9. Bb5+ Bd7 10. Qa4 Nf6 11. Bg5 h6 12. Bxf6 gxf6 13. O-O Bg7 14. Nd4 O-O
15. Rfe1 Bxb5 16. Qxb5 Qd7 17. Qd3 e6 18. Rad1 Re8 19. dxe6 fxe6 20. Qc4 Nc6
21. Nxe6 Qf7 22. Qg4 Ne5 23. Qxg7+ Qxg7 24. Nxg7 Kxg7 25. f4 Nc6 26. Rd7+ 1-0

[Event "Mechanics' Winter TNM; 30/90, SD/30"]
[Site "San Francisco"]
[Date "2010.02.09"]
[Round "6.6"]
[White "Askin, David"]
[Black "Grey, Peter"]
[Result "0-1"]
[WhiteElo "1749"]
[BlackElo "2020"]
[PlyCount "76"]
[EventDate "2010.??.??"]

1. d4 Nf6 2. c4 g6 3. Nc3 d5 4. cxd5 Nxd5 5. e4 Nxc3 6. bxc3 Bg7 7. Nf3 c5 8.
Rb1 O-O 9. Be2 Nc6 10. d5 Ne5 11. Nxe5 Bxe5 12. Qd2 e6 13. f4 Bc7 14. O-O exd5
15. exd5 Ba5 16. Bb2 Bf5 17. Rbd1 Qd7 18. Qe3 Rfe8 19. Qf3 c4 20. g4 Bb6+ 21.
Rd4 Rxe2 22. Qxe2 Bd3 23. Qf3 Bxf1 24. Kxf1 Bxd4 25. cxd4 Rd8 26. f5 Qxd5 27.
Qf4 f6 28. fxg6 hxg6 29. Kg1 Qg5 30. Qe4 f5 31. Qe6+ Kh7 32. h3 fxg4 33. hxg4
Qd5 34. Qe7+ Kg8 35. Qf6 Rd6 36. Qf2 Qe4 37. d5 Qxg4+ 38. Kh1 g5 0-1

[Event "Mechanics' Winter TNM; 30/90, SD/30"]
[Site "San Francisco"]
[Date "2010.01.26"]
[Round "4.14"]
[White "Askin, Michael"]
[Black "Newey, Richard"]
[Result "0-1"]
[WhiteElo "1699"]
[BlackElo "1754"]
[PlyCount "100"]
[EventDate "2010.??.??"]

1. Nf3 Nf6 2. g3 c5 3. Bg2 Nc6 4. O-O d5 5. d3 e5 6. Nbd2 Be6 7. e4 d4 8. a4
Bd6 9. h3 Qd7 10. Ng5 Rb8 11. Nxe6 Qxe6 12. Nc4 b5 13. axb5 Rxb5 14. f4 O-O 15.
f5 Qd7 16. g4 Qc7 17. g5 Nd7 18. f6 g6 19. Qg4 Rfb8 20. Nxd6 Qxd6 21. h4 Ra5
22. Rxa5 Nxa5 23. b3 Nf8 24. h5 Nc6 25. hxg6 Nxg6 26. Bf3 Nd8 27. Rf2 Ne6 28.
Rh2 c4 29. dxc4 d3 30. Qh5 Qd4+ 31. Kh1 Ngf8 32. cxd3 Qxd3 33. Qh3 Rxb3 34. Rf2
Qxc4 35. Bb2 Nd4 36. Qh6 Nde6 37. Bxe5 Rb1+ 38. Kg2 Qc1 39. Kh3 Rb3 40. Kg4 Qe3
41. Bg3 a5 42. Qh4 Rb5 43. Kh3 Rb3 44. Kg2 a4 45. Bd6 Qxg5+ 46. Qxg5+ Nxg5 47.
Bh5 Nxe4 48. Bxf8 Nxf2 49. Bc5 Ne4 50. Bd4 a3 0-1

[Event "Mechanics' Winter TNM; 30/90, SD/30"]
[Site "San Francisco"]
[Date "2010.01.12"]
[Round "2.11"]
[White "Askin, Michael"]
[Black "Traub, Igor"]
[Result "0-1"]
[WhiteElo "1699"]
[BlackElo "2046"]
[PlyCount "52"]
[EventDate "2010.??.??"]

1. d4 d5 2. c4 c6 3. Nf3 Nf6 4. Nc3 e6 5. Bg5 Be7 6. e3 Nbd7 7. Qc2 a6 8. Rc1
O-O 9. h3 b5 10. b3 dxc4 11. bxc4 Bb7 12. Bd3 b4 13. Bxf6 Nxf6 14. Ne4 Nxe4 15.
Bxe4 f5 16. Bd3 c5 17. d5 exd5 18. Bxf5 Qd6 19. Rd1 g6 20. Bd3 d4 21. Be2 Qe6
22. exd4 Bxf3 23. gxf3 Rxf3 24. d5 Qe5 25. Kf1 Rxf2+ 26. Kxf2 Bh4+ 0-1

[Event "Mechanics' Winter TNM; 30/90, SD/30"]
[Site "San Francisco"]
[Date "2010.02.16"]
[Round "7.23"]
[White "Blum, Paul"]
[Black "Frank, Robert"]
[Result "1-0"]
[WhiteElo "629"]
[BlackElo "1239"]
[PlyCount "81"]
[EventDate "2010.??.??"]

1. e4 e5 2. Nf3 Nc6 3. Bb5 a6 4. Ba4 d6 5. h3 Nf6 6. c3 Bd7 7. O-O Be7 8. Re1
b5 9. Bb3 O-O 10. d4 exd4 11. cxd4 Na5 12. Bc2 c5 13. d5 Qc7 14. Qd3 Nb7 15.
Bf4 c4 16. Qe3 Nh5 17. Bh2 Rae8 18. e5 dxe5 19. Bxe5 Qd8 20. Qe4 g6 21. d6 Bxd6
22. Qxb7 Bxe5 23. Nxe5 Bxh3 24. gxh3 Qg5+ 25. Qg2 Rxe5 26. Qxg5 Rxg5+ 27. Kh1
f5 28. Nd2 f4 29. Nf3 Rgf5 30. Bxf5 Rxf5 31. Rad1 Kg7 32. Nh4 Rf6 33. Rg1 Kh6
34. Rd7 f3 35. Re1 Rf4 36. Nxg6 hxg6 37. Ree7 b4 38. Rf7 Nf6 39. Rd6 Kg5 40.
Rxa6 Ne4 41. Ra5+ 1-0

[Event "Mechanics' Winter TNM; 30/90, SD/30"]
[Site "San Francisco"]
[Date "2010.01.19"]
[Round "3.20"]
[White "Blum, Paul"]
[Black "Gonda, Thomas"]
[Result "1-0"]
[WhiteElo "629"]
[BlackElo "1637"]
[PlyCount "74"]
[EventDate "2010.??.??"]

1. e4 Nf6 2. Nf3 Nxe4 3. Bb5 c6 4. Ba4 a5 5. c3 d5 6. O-O Bg4 7. h3 Bh5 8. Re1
Nd7 9. d4 e6 10. Nbd2 f5 11. Qc2 Bd6 12. Nxe4 fxe4 13. a3 exf3 14. Rxe6+ Be7
15. Bg5 Nf6 16. Rae1 b5 17. Rxe7+ Qxe7 18. Rxe7+ Kxe7 19. Bb3 fxg2 20. Kxg2 h6
21. Bh4 Rhf8 22. Qd2 g5 23. Qe3+ Ne4 24. Bg3 Rf3 25. Qe1 Rd3 26. Bc2 Bf3+ 27.
Kh2 Rd2 28. Bxe4 Re2 29. Qb1 Bxe4 30. Qa1 h5 31. h4 g4 32. a4 b4 33. Kg1 Re8
34. cxb4 axb4 35. Kf1 Bf3 36. a5 Kd7 37. a6 Rd2 1-0

[Event "Mechanics' Winter TNM; 30/90, SD/30"]
[Site "San Francisco"]
[Date "2010.02.02"]
[Round "5.20"]
[White "Blum, Paul"]
[Black "Salvo, Tab"]
[Result "0-1"]
[WhiteElo "629"]
[BlackElo "1744"]
[PlyCount "40"]
[EventDate "2010.??.??"]

1. d4 d6 2. c4 e5 3. d5 f5 4. Qa4+ Bd7 5. Qb4 b6 6. Nc3 Nf6 7. Bg5 Be7 8. O-O-O
O-O 9. e3 Nxd5 10. Nxd5 Bxg5 11. h4 Bf6 12. h5 h6 13. Bd3 a5 14. Qa3 Na6 15.
Ne2 Nc5 16. Bc2 Rb8 17. f4 b5 18. cxb5 Bxb5 19. Qc3 Bxe2 20. Rde1 e4 0-1

[Event "Mechanics' Winter TNM; 30/90, SD/30"]
[Site "San Francisco"]
[Date "2010.02.02"]
[Round "5.19"]
[White "Bookman, Zachary"]
[Black "Askin, Michael"]
[Result "1-0"]
[WhiteElo "1465"]
[BlackElo "1699"]
[PlyCount "67"]
[EventDate "2010.??.??"]

1. d4 d5 2. c4 dxc4 3. Nc3 Nf6 4. e4 e5 5. Nf3 exd4 6. Nxd4 Bb4 7. Bg5 O-O 8.
Bxc4 Re8 9. Bxf7+ Kxf7 10. Qb3+ Qd5 11. Qxb4 Qxg5 12. Qc4+ Kf8 13. h4 Qf4 14.
O-O Qxh4 15. e5 Ng4 16. Nf3 Qh5 17. Rfe1 Nc6 18. e6 Re7 19. Rad1 Bxe6 20. Rxe6
Rxe6 21. Qxe6 Re8 22. Qc4 Nce5 23. Qf4+ Kg8 24. Nxe5 Nxe5 25. f3 g5 26. Qf5 Qh4
27. Ne4 Nxf3+ 28. gxf3 g4 29. Nf6+ Kh8 30. Nxe8 Qg3+ 31. Kf1 Qh3+ 32. Ke1 Qg3+
33. Kd2 gxf3 34. Qf8+ 1-0

[Event "Mechanics' Winter TNM; 30/90, SD/30"]
[Site "San Francisco"]
[Date "2010.01.12"]
[Round "2.6"]
[White "Bookman, Zachary"]
[Black "Klinetobe, David"]
[Result "0-1"]
[WhiteElo "1465"]
[BlackElo "2043"]
[PlyCount "98"]
[EventDate "2010.??.??"]

1. d4 Nf6 2. c4 e6 3. Nc3 Bb4 4. Nf3 b6 5. Bg5 h6 6. Bf4 Ne4 7. Qc2 Bb7 8. e3
O-O 9. Be2 d6 10. O-O Bxc3 11. bxc3 Nd7 12. Rfd1 f5 13. Ne1 g5 14. Bg3 f4 15.
exf4 gxf4 16. f3 fxg3 17. fxe4 Qg5 18. Nf3 Qe3+ 19. Kh1 Bxe4 20. Bd3 Nf6 21.
hxg3 Ng4 22. Bxe4 Qxe4 23. Qxe4 Nf2+ 24. Kh2 Nxe4 25. Re1 d5 26. cxd5 exd5 27.
c4 c6 28. cxd5 cxd5 29. Rac1 Rac8 30. Kh3 Nf2+ 31. Kh4 Ne4 32. Rh1 Kg7 33. Rhf1
b5 34. g4 Nc3 35. Rfe1 b4 36. Re7+ Rf7 37. Rxf7+ Kxf7 38. Ne5+ Kg7 39. Rf1 Rf8
40. Rxf8 Kxf8 41. Nc6 Nxa2 42. Na5 Nc1 43. g5 hxg5+ 44. Kxg5 b3 45. Nxb3 Nxb3
46. Kf5 a5 47. Ke5 a4 48. Kxd5 a3 49. Kc4 a2 0-1

[Event "Mechanics' Winter TNM; 30/90, SD/30"]
[Site "San Francisco"]
[Date "2010.02.09"]
[Round "6.14"]
[White "Bookman, Zachary"]
[Black "Leavens, Weston"]
[Result "1-0"]
[WhiteElo "1465"]
[BlackElo "1858"]
[PlyCount "97"]
[EventDate "2010.??.??"]

1. d4 f5 2. c4 g6 3. Nc3 Nf6 4. Bg5 Bg7 5. Nf3 d6 6. Qc2 O-O 7. e3 c6 8. Bd3
Qe8 9. O-O Na6 10. a3 Nc7 11. Rac1 e5 12. dxe5 dxe5 13. Be2 e4 14. Nd4 Ne6 15.
Nxe6 Bxe6 16. b4 Rd8 17. Na4 b6 18. Rcd1 Qf7 19. Rxd8 Rxd8 20. Nb2 h6 21. Bh4
g5 22. Bg3 Nh5 23. c5 Nxg3 24. fxg3 b5 25. g4 Bb3 26. Qc1 Qf6 27. Nd1 Bxd1 28.
Bxd1 Qb2 29. Qxb2 Bxb2 30. a4 a6 31. axb5 axb5 32. gxf5 Rd3 33. Kf2 Ba3 34. Bh5
Kf8 35. Ra1 Bxb4 36. f6 Rd8 37. Ra6 Rc8 38. Bg4 Rd8 39. Rxc6 Bc3 40. Bf5 Kf7
41. Bxe4 Bxf6 42. Ke2 b4 43. Rb6 Bc3 44. c6 Be5 45. Rxb4 Rc8 46. Rc4 Bxh2 47.
Bf5 Rc7 48. Kf3 Bd6 49. Ke4 {score ends here} 1-0

[Event "Mechanics' Winter TNM; 30/90, SD/30"]
[Site "San Francisco"]
[Date "2010.01.19"]
[Round "3.18"]
[White "Bultman, Charles"]
[Black "Frank, Robert"]
[Result "1-0"]
[WhiteElo "1714"]
[BlackElo "1239"]
[PlyCount "49"]
[EventDate "2010.??.??"]

1. e4 e5 2. Nf3 Nc6 3. Bb5 a6 4. Ba4 d6 5. c3 b5 6. Bb3 Na5 7. Bc2 c5 8. d4 Bg4
9. dxe5 Bxf3 10. Qxf3 dxe5 11. O-O Qf6 12. Qg3 Be7 13. Nd2 Nc6 14. Nf3 h6 15.
Be3 a5 16. Rfd1 c4 17. Rd5 Bd6 18. Rad1 Rd8 19. Rxb5 Nge7 20. Bb6 Ra8 21. Bc5
Bxc5 22. Rxc5 Rb8 23. Nxe5 Nxe5 24. Ba4+ N5c6 25. Qxb8+ 1-0

[Event "Mechanics' Winter TNM; 30/90, SD/30"]
[Site "San Francisco"]
[Date "2010.02.02"]
[Round "5.11"]
[White "Bultman, Charles"]
[Black "Grey, Peter"]
[Result "0-1"]
[WhiteElo "1714"]
[BlackElo "2020"]
[PlyCount "123"]
[EventDate "2010.??.??"]

1. e4 c5 2. Nf3 e6 3. d4 cxd4 4. Nxd4 Nf6 5. Nc3 Nc6 6. Ndb5 d6 7. Bf4 e5 8.
Bg5 a6 9. Na3 b5 10. Nd5 Be7 11. Bxf6 Bxf6 12. c4 b4 13. Nc2 a5 14. Bd3 O-O 15.
O-O Bg5 16. Nce3 Nd4 17. Nf5 Ne6 18. g3 g6 19. h4 gxf5 20. hxg5 Qxg5 21. exf5
Nd4 22. Nb6 Bb7 23. Nd5 Bxd5 24. cxd5 Nxf5 25. Qc2 Nd4 26. Qc7 Qd8 27. Qc1 f5
28. Kg2 Ra7 29. Rh1 Rg7 30. Rh6 Rf6 31. Rxf6 Qxf6 32. Qc8+ Qf8 33. Qxf8+ Kxf8
34. Rc1 Ke7 35. Rc7+ Kf6 36. Rc8 e4 37. Bc4 a4 38. b3 axb3 39. axb3 Rb7 40.
Rf8+ Kg7 41. Rd8 Rb6 42. Rd7+ Kg6 43. Ra7 h6 44. Re7 Kf6 45. Rh7 Kg6 46. Re7
Kg5 47. Rg7+ Kf6 48. Rh7 Kg6 49. Re7 Nf3 50. Rc7 Ne5 51. Rc8 Nxc4 52. Rxc4 Rb5
53. Kf1 Kf6 54. Ke2 Ke5 55. Ke3 Kxd5 56. f3 exf3 57. Kxf3 Ke5 58. Ke3 h5 59.
Rc8 Rc5 60. Re8+ Kd5 61. Kd2 Rc3 62. Re7 {B won in a few more moves} 0-1

[Event "Mechanics' Winter TNM; 30/90, SD/30"]
[Site "San Francisco"]
[Date "2010.02.02"]
[Round "5.13"]
[White "Campers, Willie"]
[Black "Krasnov, Steven"]
[Result "0-1"]
[WhiteElo "1693"]
[BlackElo "1913"]
[PlyCount "98"]
[EventDate "2010.??.??"]

1. e4 c5 2. Nf3 e6 3. d4 cxd4 4. Nxd4 Nc6 5. Be2 a6 6. Be3 Qc7 7. O-O Nf6 8.
Bf3 Be7 9. Nc3 d6 10. Nb3 b5 11. Ne2 Bb7 12. Ng3 Rc8 13. c3 O-O 14. Be2 Ne5 15.
f3 Rfd8 16. Qe1 d5 17. Qf2 Rf8 18. Bb6 Qb8 19. Ba7 Qc7 20. Bb6 Qb8 21. Ba7 Qa8
22. Bd4 Nc6 23. e5 Nd7 24. f4 b4 25. Nh5 Nxd4 26. cxd4 Rc2 27. Qg3 g6 28. Bd3
Rxb2 29. f5 exf5 30. Bxf5 Qd8 31. Bxd7 Qxd7 32. Nf6+ Bxf6 33. exf6 Bc8 34. Rf4
Qd6 35. Qg5 Re8 36. Rf3 Ree2 37. Rg3 h6 38. Qxh6 Qxf6 39. Rf1 Rf2 40. Re1 Be6
41. Qe3 Rxa2 42. Nc5 Rae2 43. Qc1 Qxd4 44. Kh1 Qxc5 45. Qb1 Kg7 46. Qa1+ d4 47.
Rxe2 Rxe2 48. h4 Qe5 49. Kh2 Re3 0-1

[Event "Mechanics' Winter TNM; 30/90, SD/30"]
[Site "San Francisco"]
[Date "2010.02.16"]
[Round "7.15"]
[White "Campers, Willie"]
[Black "Palmeri, Ralph"]
[Result "1-0"]
[WhiteElo "1693"]
[BlackElo "1718"]
[PlyCount "55"]
[EventDate "2010.??.??"]

1. e4 c5 2. Nf3 Nc6 3. d4 cxd4 4. Nxd4 Nf6 5. Nc3 d6 6. Be2 g6 7. Be3 Bg7 8. f3
Bd7 9. Qd2 a6 10. O-O-O Qc7 11. Nb3 b5 12. Bh6 O-O 13. Bxg7 Kxg7 14. h4 h5 15.
Rdg1 Ne5 16. g4 hxg4 17. fxg4 Nexg4 18. Qf4 Qc8 19. h5 Rh8 20. hxg6 Rxh1 21.
Rxh1 fxg6 22. Nd5 e5 23. Qg5 Qg8 24. Ne7 Qf7 25. Nf5+ Bxf5 26. exf5 Nf2 27.
Qh6+ Kg8 28. Qh8# 1-0

[Event "Mechanics' Winter TNM; 30/90, SD/30"]
[Site "San Francisco"]
[Date "2010.01.05"]
[Round "2.4"]
[White "Campers, Willie"]
[Black "Sandberg, Evan"]
[Result "0-1"]
[WhiteElo "1693"]
[BlackElo "2119"]
[PlyCount "110"]
[EventDate "2010.??.??"]

1. e4 c5 2. d4 cxd4 3. c3 Nf6 4. e5 Nd5 5. cxd4 d6 6. Nf3 Nc6 7. Bb5 Qa5+ 8.
Nc3 Nxc3 9. Bxc6+ bxc6 10. bxc3 dxe5 11. dxe5 Qxc3+ 12. Bd2 Qd3 13. Qa4 Qb5 14.
Qf4 Ba6 15. Qe4 Qd5 16. Qa4 Qc4 17. Qxc4 Bxc4 18. Nd4 Bd5 19. O-O e6 20. Rfc1
Ba3 21. Rc2 Kd7 22. f3 Rab8 23. Be3 Rhc8 24. Rd1 Ke8 25. Rd3 Be7 26. Kf2 g6 27.
Ne2 Rb7 28. Nc3 Rcb8 29. Na4 Rb4 30. Nc5 Rb2 31. Rdd2 Rxc2 32. Rxc2 Rb5 33. Na6
Ra5 34. Nc7+ Kd7 35. Nxd5 exd5 36. f4 a6 37. Rb2 Rb5 38. Rc2 c5 39. Ke2 c4 40.
Bd4 Kc6 41. Ke3 Ra5 42. Rb2 Ra3+ 43. Ke2 Bc5 44. Bxc5 Kxc5 45. Rb7 Kd4 46. Rxf7
Rxa2+ 47. Kf3 Ra3+ 48. Kf2 Re3 49. Rxh7 c3 50. Rc7 Re4 51. g3 Kd3 52. Rc5 c2
53. Rxd5+ Rd4 54. Rc5 Rc4 55. Rd5+ Kc3 0-1

[Event "Mechanics' Winter TNM; 30/90, SD/30"]
[Site "San Francisco"]
[Date "2010.01.19"]
[Round "3.12"]
[White "Campers, Willie"]
[Black "Todortsev, Victor"]
[Result "0-1"]
[WhiteElo "1693"]
[BlackElo "1955"]
[PlyCount "91"]
[EventDate "2010.??.??"]

1. e4 e5 2. Nf3 Nc6 3. Bb5 a6 4. Bxc6 dxc6 5. Nxe5 Qd4 6. Ng4 Qxe4+ 7. Ne3 Bd6
8. O-O Qh4 9. g3 Qh3 10. Re1 Be6 11. Nc4 Be7 12. Qe2 Nf6 13. d3 h5 14. Bg5 Ng4
15. f3 Bxg5 16. fxg4 hxg4 17. Nbd2 O-O-O 18. Nf1 Bd5 19. Qf2 Rh6 20. Re2 Kb8
21. Nce3 Bf3 22. Rd2 f5 23. Nxf5 Bxd2 24. Qxd2 Re6 25. N5e3 Rde8 26. c3 c5 (
26... Rxe3 27. Nxe3 Rxe3 28. Qxe3 Qg2#) 27. Rb1 Qh6 28. Re1 Qg5 29. b4 cxb4 30.
cxb4 Qb5 31. Rc1 Qg5 32. Re1 Qe5 33. d4 Qf6 34. Rc1 Rd8 35. d5 c6 36. Qc2 Bxd5
37. Nxd5 Rxd5 38. a3 Qf3 39. Qf2 Re2 40. Qxf3 gxf3 41. Rc3 Rf5 42. g4 Rg2+ 43.
Kh1 Rxg4 44. Ne3 f2 45. Rc1 Re4 46. Nxf5 0-1

[Event "Mechanics' Winter TNM; 30/90, SD/30"]
[Site "San Francisco"]
[Date "2010.01.12"]
[Round "2.8"]
[White "Capdeville, Barry"]
[Black "Grey, Peter"]
[Result "0-1"]
[WhiteElo "1133"]
[BlackElo "2020"]
[PlyCount "40"]
[EventDate "2010.??.??"]

1. e4 c5 2. d4 cxd4 3. c3 Nf6 4. e5 Nd5 5. cxd4 Nc6 6. Nf3 d6 7. exd6 e6 8. Bg5
Qb6 9. Qd2 Bxd6 10. a3 h6 11. Be3 Na5 12. b4 Nb3 13. Qb2 Nxa1 14. Qxa1 Bd7 15.
Ne5 Bxe5 16. dxe5 Nxe3 17. fxe3 Qxe3+ 18. Be2 Rc8 19. Nd2 Bb5 20. Qd1 Rc1 0-1